[Event "Las Vegas op"]
[Site "Las Vegas"]
[Date "1994.??.??"]
[Round "?"]
[White "De Firmian, Nick E"]
[Black "Margulis, Isaak"]
[Result "1-0"]
[WhiteElo "2580"]
[BlackElo "2295"]

1.e4 c5 2.Nf3 d6 3.d4 cxd4 4.Nxd4 Nf6 5.Nc3 Nc6 6.Bc4 Qb6 7.Ndb5 a6 8.Be3 Qa5
9.Nd4 Nxe4 10.Qf3 f5 11.Nxc6 bxc6 12.O-O-O Qb4 13.Rd4 Qb8 14.Bb3 Qa7 15.Ra4 Qc7
16.Nxe4 fxe4 17.Qf7+ Kd8 18.Rxe4 Rb8 19.Be6 Bxe6 20.Rxe6 Qa5 21.Rd1 Ra8 22.Bd4 Qxa2
23.Rxd6+  1-0

[Event "Linares NL"]
[Site "Linares"]
[Date "1994.??.??"]
[Round "1"]
[White "De Firmian, Nick E"]
[Black "Zapata, Alonso"]
[Result "0-1"]
[WhiteElo "2565"]
[BlackElo "2565"]

1.e4 c5 2.Nc3 e6 3.Nge2 Nc6 4.g3 d5 5.exd5 exd5 6.Bg2 d4 7.Nd5 Nf6 8.Nef4 Bd6
9.d3 O-O 10.O-O Re8 11.Bd2 Ne5 12.h3 Bd7 13.Nxf6+ Qxf6 14.Nh5 Qd8 15.f4 Nc6
16.f5 Bf8 17.b3 b5 18.g4 Rc8 19.a4 a6 20.axb5 axb5 21.f6 g6 22.Ng3 c4 23.bxc4 bxc4
24.dxc4 Be6 25.c5 Bd5 26.Bxd5 Qxd5 27.Qf3 Qxc5 28.Rac1 d3+ 29.Qf2 dxc2 30.Qxc5 Bxc5+
31.Kg2 Nd4 32.Bc3 Bb6 33.Bb2 Nb3 34.Kf3  0-1

[Event "Linares NL"]
[Site "Linares"]
[Date "1994.??.??"]
[Round "3"]
[White "Sagalchik, Gennadij"]
[Black "De Firmian, Nick E"]
[Result "1-0"]
[WhiteElo "2515"]
[BlackElo "2565"]

1.d4 Nf6 2.c4 e6 3.Nc3 Bb4 4.a3 Bxc3+ 5.bxc3 O-O 6.f3 Ne8 7.e4 b6 8.a4 Nc6
9.Ba3 d6 10.c5 bxc5 11.dxc5 Qf6 12.Qc2 d5 13.Bd3 Ne5 14.Ne2 Qh4+ 15.Ng3 Nf6
16.O-O Nxd3 17.Qxd3 a5 18.Rfe1 Ba6 19.Qd4 dxe4 20.Nxe4 Rfd8 21.Qe5 c6 22.Nd6 Nd7
23.Qe3 Qxa4 24.Bb4 Qc2 25.Rxa5 Bd3 26.Nxf7 Bc4 27.Nxd8 Rxd8 28.Qf4 Qd3 29.Qc7 Nf8
30.Qxc6 Bd5 31.Qc7 Qd2 32.Raa1 Bxf3 33.gxf3 Rd5 34.h4 e5 35.Qc8 Qf4  1-0

[Event "Linares NL"]
[Site "Linares"]
[Date "1994.??.??"]
[Round "4"]
[White "De Firmian, Nick E"]
[Black "Nogueiras, Jesus"]
[Result "1/2-1/2"]
[WhiteElo "2565"]
[BlackElo "2530"]

1.e4 e6 2.d4 d5 3.Nc3 Bb4 4.e5 c5 5.a3 Bxc3+ 6.bxc3 Ne7 7.Nf3 Bd7 8.dxc5 Ng6
9.Bd3 Nc6 10.Bxg6 hxg6 11.Be3 Qc7 12.Bd4 O-O-O 13.Qe2 Rdf8 14.O-O f6 15.h3 g5
16.Rfe1 Rh6 17.Qe3 Kb8 18.Nh2 Rh4 19.Ng4 f5 20.Qxg5 Rfh8 21.Nh2 Be8 22.f4 R4h6
23.Qg3 Bh5 24.Qf2 Qe7 25.Re3 g5 26.fxg5 Qxg5 27.Rg3 Qe7 28.Be3 R6h7 29.Bg5 Qc7
30.Bf6 Rc8 31.Nf1 Na5 32.Nd2 Qxc5 33.Qxc5 Rxc5 34.Nb3 Nxb3 35.cxb3 f4 36.Rg8+ Kc7
37.Bd8+ Kd7 38.Bg5 f3 39.Rc1 fxg2 40.Kxg2 Rf7 41.Bf6 Kc7 42.Rg5 Rh7 43.Kf2 d4
44.c4 b5 45.Ke1 bxc4 46.bxc4 Ra5 47.Rg3 Kc6 48.Rd3 Kc5 49.Rb3 Ra4 50.Rb5+  1/2-1/2

[Event "Linares NL"]
[Site "Linares"]
[Date "1994.??.??"]
[Round "7"]
[White "Browne, Walter S"]
[Black "De Firmian, Nick E"]
[Result "1-0"]
[WhiteElo "2535"]
[BlackElo "2565"]

1.d4 Nf6 2.c4 e6 3.Nf3 c5 4.d5 exd5 5.cxd5 d6 6.Nc3 g6 7.e4 Bg7 8.h3 O-O
9.Bd3 b5 10.O-O c4 11.Bc2 b4 12.Nb5 a6 13.Nbd4 Bd7 14.Re1 Qc7 15.Bf4 Re8
16.Rc1 Nh5 17.Bd2 a5 18.Bd3 Qb6 19.Rxc4 Na6 20.Be3 Nc5 21.Nb3 Bb5 22.Bxc5 dxc5
23.Rxc5 Bxd3 24.Qxd3 Bxb2 25.Rc6 Qd8 26.Nc5 a4 27.Qc2 Bc3 28.Rd1 Qa5 29.d6 Qb5
30.Rc7 Nf4 31.Kh2 Red8 32.g3 Ne6 33.Nxe6 fxe6 34.e5 Rd7 35.Nd4 Bxd4 36.Rxd7 Bxf2
37.Rc7 Bb6 38.Qc6 Qe2+ 39.Qg2 Qxg2+ 40.Kxg2 b3 41.Rb7  1-0

[Event "Linares NL"]
[Site "Linares"]
[Date "1994.??.??"]
[Round "10"]
[White "De Firmian, Nick E"]
[Black "Garcia, Gildardo"]
[Result "1-0"]
[WhiteElo "2565"]
[BlackElo "2540"]

1.e4 c5 2.Nf3 Nc6 3.d4 cxd4 4.Nxd4 g6 5.c4 Bg7 6.Be3 Nf6 7.Nc3 O-O 8.Be2 d6
9.O-O Bd7 10.Qd2 Nxd4 11.Bxd4 Bc6 12.f3 Nd7 13.Be3 a5 14.b3 Nc5 15.Rac1 h5
16.Rfd1 Kh7 17.Rb1 Nd7 18.a3 Ne5 19.Rbc1 b6 20.Qe1 Bh6 21.Bxh6 Kxh6 22.f4 Nd7
23.Bf3 Qc7 24.Nd5 Bxd5 25.cxd5 Qa7 26.e5 b5+ 27.Kh1 Rae8 28.h3 Kh7 29.Qe2 Qb8
30.Re1 dxe5 31.fxe5 f6 32.exf6 exf6 33.Qc2 Rxe1+ 34.Rxe1 Ne5 35.Bxh5 Qd6
36.Rd1 Rf7 37.Be2 Rc7 38.Qe4 Rc3 39.Bxb5 Rxb3 40.a4 Kg7 41.Qd4 Kh6 42.Qd2+ g5
43.Qxa5 g4 44.Qd2+ Kg7 45.Qc2 Qa3 46.hxg4 Rh3+ 47.gxh3 Qxh3+ 48.Kg1 Nf3+
49.Kf2 Qh2+ 50.Kxf3 Qxc2 51.Rd3 f5 52.gxf5 Qc5 53.d6 Qxf5+ 54.Ke2 Qe5+ 55.Kd1 Qa1+
56.Kc2 Qa2+ 57.Kc3 Qa3+ 58.Kc4 Qc1+ 59.Kd5 Kf6 60.Rf3+ Kg7 61.d7 Qc7 62.Re3 Qb7+
63.Kc4 Qc7+ 64.Kb3 Kf6  1-0

[Event "Linares NL"]
[Site "Linares"]
[Date "1994.??.??"]
[Round "11"]
[White "Martin del Campo, Roberto"]
[Black "De Firmian, Nick E"]
[Result "0-1"]
[WhiteElo "2450"]
[BlackElo "2565"]

1.e4 c5 2.Nf3 d6 3.d4 cxd4 4.Nxd4 Nf6 5.Nc3 a6 6.Be2 e5 7.Nb3 Be7 8.Bg5 Be6
9.Bxf6 Bxf6 10.Nd5 Nd7 11.a4 Rc8 12.c3 O-O 13.a5 Bg5 14.Ra4 Nf6 15.Rb4 Bxd5
16.exd5 Rc7 17.O-O g6 18.Ra4 Re8 19.c4 e4 20.Nd4 h5 21.b4 Bf4 22.Ra3 e3 23.Nc2 exf2+
24.Rxf2 Bg5 25.Rf1 Ne4 26.Bxh5 gxh5 27.Qxh5 Re5 28.Rh3 Be3+ 29.Nxe3 Rxh5
30.Rxh5 f6 31.Rf4 Ng5 32.Ng4 Nh7 33.Re4 Re7 34.Nh6+ Kf8 35.Rg4 Rg7 36.Re4 Re7
37.Rg4 Rg7 38.Re4 Ng5 39.Re3 Qc8 40.Rh4 Re7 41.Ng4 Qxc4  0-1

[Event "Linares NL"]
[Site "Linares"]
[Date "1994.??.??"]
[Round "12"]
[White "De Firmian, Nick E"]
[Black "Vera, Reynaldo"]
[Result "1/2-1/2"]
[WhiteElo "2565"]
[BlackElo "2485"]

1.e4 c5 2.Nf3 d6 3.Nc3 e5 4.Bc4 Be6 5.Nd5 Nf6 6.Nxf6+ Qxf6 7.Qe2 Nc6 8.c3 Be7
9.d3 O-O 10.O-O Qg6 11.Bxe6 fxe6 12.h3 Rf7  1/2-1/2

[Event "New York Murphy-ACF2"]
[Site "New York"]
[Date "1994.??.??"]
[Round "?"]
[White "Fedorowicz, John P"]
[Black "De Firmian, Nick E"]
[Result "1/2-1/2"]
[WhiteElo "2520"]
[BlackElo "2580"]

1.d4 Nf6 2.c4 g6 3.Nc3 Bg7 4.e4 d6 5.Nf3 O-O 6.Be2 e5 7.dxe5 dxe5 8.Qxd8 Rxd8
9.Bg5 c6 10.Nxe5 Re8 11.f4 h6 12.Bh4 Na6 13.Bf2  1/2-1/2

[Event "New York Murphy-ACF2"]
[Site "New York"]
[Date "1994.??.??"]
[Round "?"]
[White "Solomon, Daniela"]
[Black "De Firmian, Nick E"]
[Result "0-1"]
[WhiteElo "2275"]
[BlackElo "2580"]

1.c4 c5 2.Nc3 Nf6 3.g3 e6 4.Nf3 b6 5.Bg2 Bb7 6.O-O Nc6 7.e3 Be7 8.d4 cxd4
9.Nxd4 O-O 10.b3 a6 11.Bb2 Qc7 12.Nde2 d6 13.Rc1 Ne5 14.e4 Ned7 15.Re1 Rfe8
16.h3 Rac8 17.Qd4 Qb8 18.g4 h6 19.Ng3 Ba8 20.Nd1 Bf8 21.Ne3 Nc5 22.f3 b5
23.Qd2 Nfd7 24.f4 bxc4 25.Nxc4 d5 26.exd5 Bxd5 27.Bxd5 exd5 28.Ne5 Nxe5 29.Bxe5 Qb5
30.Red1 Ne4 31.Nxe4 dxe4 32.Rxc8 Rxc8 33.Kh2 Bb4 34.Qe3 Rc2+ 35.Kg3 Re2 36.Qd4 Be1+
37.Rxe1 Rxe1 38.Bxg7 Qd3+ 39.Qxd3 exd3 40.Bc3 Re2 41.Kf3 Rxa2  0-1

[Event "New York op"]
[Site "New York"]
[Date "1994.??.??"]
[Round "2"]
[White "Gunawan, Ruben"]
[Black "De Firmian, Nick E"]
[Result "1-0"]
[WhiteElo "2315"]
[BlackElo "2580"]

1.e4 c5 2.Nf3 d6 3.d4 cxd4 4.Nxd4 Nf6 5.Nc3 a6 6.Be3 e5 7.Nb3 Be6 8.f3 Nbd7
9.Qd2 Be7 10.g4 Nb6 11.g5 Nfd7 12.O-O-O O-O 13.h4 Rc8 14.Kb1 Qc7 15.h5 Nc4
16.Bxc4 Qxc4 17.g6 Nf6 18.gxh7+ Nxh7 19.Qg2 Kh8 20.f4 exf4 21.Bxf4 Rcd8 22.Be3 Bf6
23.Bd4 Bxd4 24.Nxd4 Qc5 25.Nd5 Bxd5 26.exd5 Rde8 27.Nf5 Rg8 28.Rhg1 g5 29.Rge1 Rgf8
30.Qg3 Rxe1 31.Qxe1 Qc7 32.Qb4 Rd8 33.a3 Qd7 34.Rf1 f6 35.Qb6 g4 36.Nh6 Rf8
37.Qe3 Ng5 38.Rg1 Qe8 39.Nxg4 Qxe3 40.Nxe3 Re8 41.Nf5 Re5 42.Nxd6 Rxd5 43.Nxb7 Nf3
44.Rg6 Nd2+ 45.Ka2 Ne4 46.Rg4 f5 47.Rh4 Kh7 48.b4 Kh6 49.Kb3 Rd7 50.Nc5 Nxc5+
51.bxc5 Rf7 52.Kc4 f4 53.Rh1 f3 54.c6 f2 55.Rf1 Kxh5 56.Kc5 Kg4 57.Kb6 Kf3
58.c7 Rf8 59.Kxa6 Ke2 60.Rxf2+  1-0

[Event "New York op"]
[Site "New York"]
[Date "1994.??.??"]
[Round "4"]
[White "La Rota, Fabio"]
[Black "De Firmian, Nick E"]
[Result "0-1"]
[WhiteElo "2290"]
[BlackElo "2580"]

1.e4 c5 2.Nc3 d6 3.g3 g6 4.Bg2 Bg7 5.d3 Nc6 6.Be3 e5 7.Qd2 Nge7 8.Bh6 O-O
9.h4 f6 10.Bxg7 Kxg7 11.f4 h6 12.Bh3 Nd4 13.O-O-O Qa5 14.Kb1 b5 15.Nge2 b4
16.Nxd4 cxd4 17.Ne2 Qc5 18.Nc1 a5 19.Nb3 Qb6 20.Qg2 a4 21.Nd2 a3 22.b3 Qc5
23.Nc4 d5 24.Bxc8 Raxc8 25.exd5 Nxd5 26.Rde1 Rce8 27.Qh3 Nc3+ 28.Ka1 e4 29.h5 g5
30.Qd7+ Re7 31.Qd6 Qxd6 32.Nxd6 f5 33.fxg5 Re6 34.gxh6+ Kxh6 35.Nc4 Rg8 36.Rhg1 Kxh5
37.dxe4 fxe4 38.Nd2 Rf8 39.Rgf1 Rxf1 40.Rxf1 Kg4 41.Rg1 e3  0-1

[Event "New York op"]
[Site "New York"]
[Date "1994.??.??"]
[Round "5"]
[White "De Firmian, Nick E"]
[Black "Appleberry, Martin"]
[Result "1-0"]
[WhiteElo "2580"]
[BlackElo "2355"]

1.e4 e5 2.Nf3 Nf6 3.Nxe5 d6 4.Nf3 Nxe4 5.d4 d5 6.Bd3 Bd6 7.O-O O-O 8.c4 c6
9.cxd5 cxd5 10.Nc3 Nxc3 11.bxc3 Bg4 12.Rb1 Nd7 13.h3 Bh5 14.Rb5 Nb6 15.c4 Bxf3
16.Qxf3 dxc4 17.Bc2 Qd7 18.a4 g6 19.Bh6 Rfe8 20.Rfb1 Qe6 21.Be3 Rab8 22.a5 Na8
23.Rxb7 Rxb7 24.Rxb7 Nc7 25.Rxa7 Nd5 26.g4 Nxe3 27.Qxe3 Qxe3 28.fxe3 Rxe3
29.Rd7 Bh2+ 30.Kxh2 Re2+ 31.Kg3 Rxc2 32.a6 Ra2 33.a7 Kg7 34.Kf4 Kf6 35.g5+ Ke6
36.Rb7 f6 37.d5+  1-0

[Event "New York op"]
[Site "New York"]
[Date "1994.??.??"]
[Round "6"]
[White "Lein, Anatoly"]
[Black "De Firmian, Nick E"]
[Result "0-1"]
[WhiteElo "2480"]
[BlackElo "2580"]

1.Nf3 c5 2.c4 Nc6 3.e3 e6 4.Nc3 Nf6 5.d4 d5 6.cxd5 exd5 7.Bb5 Bd6 8.O-O O-O
9.h3 Be6 10.dxc5 Bxc5 11.b3 Rc8 12.Bb2 Bd6 13.Ne2 Ne4 14.Bxc6 bxc6 15.Qd4 f6
16.Qxa7 Nc5 17.Bd4 Ra8 18.Qxc5 Bxc5 19.Bxc5 Re8 20.Nfd4 Bd7 21.a4 f5 22.Rac1 g5
23.Rc3 Qf6 24.Bb6 f4 25.a5 h5 26.h4 fxe3 27.fxe3 Qg6 28.hxg5 Qxg5 29.Nxc6 Rac8
30.Rfc1 Bxc6 31.Rxc6 Rxc6 32.Rxc6 Rxe3 33.Rc8+ Kf7 34.Rc7+ Re7 35.Rxe7+ Qxe7
36.Nd4 Qe1+ 37.Kh2 Qh4+ 38.Kg1 Qe1+ 39.Kh2 h4 40.a6 Qg3+ 41.Kh1 h3 42.gxh3 Qxh3+
43.Kg1 Qg3+ 44.Kh1 Qh4+  0-1

[Event "New York op"]
[Site "New York"]
[Date "1994.??.??"]
[Round "7"]
[White "De Firmian, Nick E"]
[Black "Kaidanov, Grigory S"]
[Result "1/2-1/2"]
[WhiteElo "2580"]
[BlackElo "2645"]

1.e4 e5 2.Nf3 Nf6 3.Nxe5 d6 4.Nf3 Nxe4 5.d4 d5 6.Bd3 Nc6 7.O-O Be7 8.c4 Nb4
9.Be2 O-O 10.Nc3 Be6 11.Be3 Bf5 12.Qb3 c6 13.cxd5 cxd5 14.Rfc1 Rc8 15.Ne5 f6
16.Nf3 Qd7 17.Nxe4 Bxe4 18.Ne1  1/2-1/2

[Event "PCA-op"]
[Site "New York"]
[Date "1994.??.??"]
[Round "9"]
[White "Gulko, Boris F"]
[Black "De Firmian, Nick E"]
[Result "1-0"]
[WhiteElo "2590"]
[BlackElo "2565"]

1.c4 c5 2.Nf3 Nf6 3.Nc3 Nc6 4.d4 cxd4 5.Nxd4 e6 6.g3 Qb6 7.Ndb5 Bc5 8.Nd6+ Ke7
9.Nde4 Nxe4 10.Nxe4 Bb4+ 11.Bd2 d5 12.cxd5 exd5 13.Nc3 Be6 14.Bg2 Rhd8 15.O-O Kf8
16.a3 Bxc3 17.bxc3 Qa6 18.a4 Kg8 19.Bg5 Rd7 20.Qd3 Qa5 21.Bf4 h6 22.Rfb1 Qd8
23.h4 Rc8 24.Be3 b6 25.Bf4 Na5 26.Rd1 Rc4 27.Qe3 Nb3 28.Rab1 Nc5 29.a5 Na4
30.axb6 axb6 31.Be5 Nxc3 32.Bxc3 d4 33.Bxd4 Rdxd4 34.Rxd4 Rxd4 35.Kh2 Rd6
36.Bf3 Bc4 37.Ra1 Bd5 38.Bxd5 Rxd5 39.Ra7 Rf5 40.f4 h5 41.Qe4 Qd5 42.Qe8+ Kh7
43.Ra8 Rf6 44.Qh8+ Kg6 45.Rg8 Qd6 46.e4  1-0

[Event "Osterskan op"]
[Site "Osterskan"]
[Date "1994.??.??"]
[Round "?"]
[White "De Firmian, Nick E"]
[Black "Ernst, Thomas"]
[Result "1/2-1/2"]
[WhiteElo "2565"]
[BlackElo "2485"]

1.e4 e5 2.Nf3 Nc6 3.Bb5 a6 4.Ba4 Nf6 5.O-O Nxe4 6.d4 b5 7.Bb3 d5 8.dxe5 Be6
9.Nbd2 Nc5 10.c3 d4 11.Bxe6 Nxe6 12.cxd4 Ncxd4 13.a4 Bc5 14.Ne4 Bb6 15.Be3 O-O
16.axb5 axb5 17.Rxa8 Qxa8 18.Nxd4 Bxd4 19.Nf6+ gxf6 20.Bxd4 Rd8 21.Qg4+ Kh8
22.Be3 Rg8 23.Qh3 fxe5 24.f3 Qf8 25.Qf5 Qg7 26.g3 c5 27.Ra1 Rd8 28.Qe4 Qf6
29.Ra6 Kg8 30.Rb6 b4 31.Bxc5 Nxc5 32.Rxf6 Nxe4 33.fxe4 Rd4 34.Kf1 Rxe4 35.Rb6 Kg7
36.Kf2 f6 37.Kf3 Rd4 38.Ke3 h5 39.h3 h4 40.g4 Rd1 41.Ke4 Rh1 42.g5 Re1+ 43.Kf5 Rf1+
44.Kg4 Rg1+ 45.Kxh4 Rxg5 46.Rxb4 Kf7 47.Rg4 Rf5 48.Kg3 Rf1 49.h4 Rb1 50.Rb4 Kg6
51.Rb3 Kf5 52.Rf3+ Ke6 53.Rb3 f5 54.h5 Kf6 55.h6 Kg6 56.Rb6+ Kh7 57.Re6 Rxb2
58.Rxe5 Kxh6 59.Rxf5  1/2-1/2

[Event "Osterskan op"]
[Site "Osterskan"]
[Date "1994.??.??"]
[Round "?"]
[White "De Firmian, Nick E"]
[Black "Bator, Robert"]
[Result "1-0"]
[WhiteElo "2565"]
[BlackElo "2405"]

1.e4 c5 2.Nf3 d6 3.Nc3 e5 4.Bc4 Be7 5.Nd5 Nf6 6.d3 Nxd5 7.Bxd5 Nd7 8.c3 Nb6
9.Bb3 Bg4 10.h3 Bh5 11.Qe2 h6 12.a4 a5 13.d4 exd4 14.cxd4 O-O 15.dxc5 dxc5
16.O-O Qc7 17.e5 Qc6 18.Bc2 Qe6 19.Re1 Bg6 20.Bxg6 Qxg6 21.Qb5 Qe6 22.b3 Nd5
23.Bd2 b6 24.Qc4 Rfd8 25.Re4 Ra7 26.Rae1 Rad7 27.Rg4 Nc7 28.Qc2 Rd3 29.Re3 Qd5
30.Rxd3 Qxd3 31.Qb2 h5 32.Rc4 Ne6 33.Be3 Rd5 34.g3 Qf5 35.Kg2 Rd1 36.Qc2 Qxc2
37.Rxc2 Rd3 38.Nd2 h4 39.gxh4 Bxh4 40.Rb2 Bg5 41.Nc4 Bd8 42.Kf3 f5 43.exf6 Bxf6
44.Rb1 Bd8 45.Ke4 Rc3 46.f4 Nd4 47.Bxd4 cxd4 48.Kxd4 Rxh3 49.Ke4 Rh4 50.Ne5 Bc7
51.Ng6 Rh6 52.f5 Rh3 53.Rd1 Rc3 54.Rd7 Kh7 55.Nf8+ Kh6 56.Ne6 Bg3 57.Rxg7 Rxb3
58.f6 Bd6 59.Nd4 Rb4 60.Kd5  1-0

[Event "Osterskan op"]
[Site "Osterskan"]
[Date "1994.??.??"]
[Round "?"]
[White "Kytoniemi, Jyrki"]
[Black "De Firmian, Nick E"]
[Result "0-1"]
[WhiteElo "2290"]
[BlackElo "2565"]

1.e4 c5 2.Nf3 d6 3.d4 cxd4 4.Nxd4 Nf6 5.Nc3 a6 6.Be3 e5 7.Nb3 Be6 8.f3 Nbd7
9.Qd2 Be7 10.g4 O-O 11.O-O-O b5 12.g5 Nh5 13.Kb1 Nb6 14.Rg1 Nc4 15.Bxc4 bxc4
16.Nc1 Rb8 17.N1e2 Qc7 18.Ka1 Qb7 19.Rb1 Rfc8 20.Rgd1 Rc6 21.Nd5 Bd8 22.b4 c3
23.Qd3 Rbc8 24.Rb3 g6 25.h4 Qb8 26.a3 Kg7 27.Rxc3 Bxd5 28.exd5 Rxc3 29.Nxc3 Bb6
30.Kb2 a5 31.b5 a4 32.Bxb6 Qxb6 33.Nxa4 Qa5 34.Nc3 Nf4 35.Qe3 Qc7 36.Rd2 Qc4
37.b6 Qa6 38.Ne4 Rb8 39.Ka2 Rxb6 40.Qc3  0-1

[Event "World op"]
[Site "Philadelphia"]
[Date "1994.??.??"]
[Round "?"]
[White "Minasian, Artashes"]
[Black "De Firmian, Nick E"]
[Result "1-0"]
[WhiteElo "2545"]
[BlackElo "2580"]

1.e4 c5 2.Nf3 d6 3.Nc3 Nf6 4.e5 dxe5 5.Nxe5 Nbd7 6.Nc4 a6 7.a4 e6 8.a5 Be7
9.Qf3 O-O 10.Be2 Ra7 11.O-O b5 12.axb6 Nxb6 13.Na5 Bd7 14.Nc6 Bxc6 15.Qxc6 Nbd5
16.Nxd5 Nxd5 17.Bc4 Nb4 18.Qa4 Bg5 19.d3 Bxc1 20.Rfxc1 Qd6 21.Re1 Rb8 22.Re4 h6
23.Rae1 Kh8 24.h3 a5 25.R1e2 Kg8 26.c3 Nxd3 27.Qd1 Rd8 28.Qxd3 Qxd3 29.Bxd3 Rxd3
30.Ra4 Rd8 31.Re5 Rd1+ 32.Kh2 Rd2 33.Rxc5 Rxf2 34.b4 Rd7 35.bxa5 Rdd2 36.Kg3 Rxg2+
37.Kf3 Rgf2+ 38.Ke3 Rfe2+ 39.Kf3 Ra2 40.Rcc4 Rxa4 41.Rxa4 Rc2 42.Ke4 Rxc3
43.Ke5 Rc8 44.a6 Kh7 45.a7 Ra8 46.Kd6 g5 47.Kc7 h5 48.Kb7 Rxa7+ 49.Rxa7 Kg6
50.Kc6 g4 51.hxg4 hxg4 52.Kc5 f5 53.Kd4 Kf6 54.Ra6 Kg5 55.Rxe6 Kf4 56.Kd3 Kf3
57.Kd2 Kg3 58.Ke2 f4 59.Kf1 Kf3 60.Ra6 Kg3  1-0

[Event "World op"]
[Site "Philadelphia"]
[Date "1994.??.??"]
[Round "?"]
[White "Rashkovsky, Nukhim N"]
[Black "De Firmian, Nick E"]
[Result "1-0"]
[WhiteElo "2535"]
[BlackElo "2580"]

1.d4 Nf6 2.Nf3 e6 3.g3 c5 4.Bg2 Nc6 5.O-O cxd4 6.Nxd4 Qb6 7.Nb3 d5 8.Be3 Qa6
9.a4 Na5 10.Nc3 Nxb3 11.cxb3 Bd7 12.Bd4 Be7 13.e4 dxe4 14.Nxe4 Bc6 15.Nxf6+ Bxf6
16.Bxc6+ Qxc6 17.Rc1 Qxc1 18.Qxc1 Bxd4 19.Qc4 Rd8 20.Qb5+ Rd7 21.Rc1 Ke7
22.Qg5+ Kd6 23.Rd1 e5 24.Qxg7 Rc8 25.Qxh7 Ke7 26.Kg2 Rc6 27.Qe4 f6 28.h4 Kd6
29.h5 Kc7 30.Qf5 Rd8 31.h6 Kb8 32.h7 Rh8 33.Rh1 a5 34.Qg6 Rc7 35.g4 Bxb2
36.Qxf6 Rhxh7 37.Rxh7 Rxh7 38.g5  1-0

[Event "Bermuda"]
[Site "Bermuda"]
[Date "1995.??.??"]
[Round "1"]
[White "Frias, Victor J"]
[Black "De Firmian, Nick E"]
[Result "1/2-1/2"]
[WhiteElo "2495"]
[BlackElo "2590"]

1.c4 c5 2.g3 Nc6 3.Bg2 g6 4.Nc3 Bg7 5.e3 e6 6.Nge2 Nge7 7.O-O O-O 8.d4 cxd4
9.Nxd4 d5 10.cxd5 Nxd5 11.Nxd5 Nxd4 12.exd4 exd5  1/2-1/2

[Event "Bermuda"]
[Site "Bermuda"]
[Date "1995.??.??"]
[Round "5"]
[White "De Firmian, Nick E"]
[Black "Vescovi, Giovanni"]
[Result "1/2-1/2"]
[WhiteElo "2590"]
[BlackElo "2465"]

1.e4 c5 2.Nf3 d6 3.d4 cxd4 4.Nxd4 Nf6 5.Nc3 g6 6.Bc4 Bg7 7.h3 O-O 8.Bb3 Nc6
9.Be3 Qa5 10.O-O Bd7 11.f4 Rac8 12.Nf3 Qh5 13.Qd3 Qa5 14.a3 Nh5 15.g4 Nf6
16.Kg2 Be6 17.Bxe6 fxe6 18.b4 Qc7 19.Nb5 Qd7 20.Rad1 a6 21.Nbd4 Nxd4 22.Nxd4 e5
23.Qb3+ d5 24.fxe5 Nxg4 25.Bf4 Bxe5 26.Bxe5 Rxf1 27.Rxf1 Nxe5 28.Qxd5+ Qxd5
29.exd5 Nd7 30.Re1 Kf7 31.Re6 Rc4 32.d6 exd6 33.Rxd6 Ke7 34.Re6+ Kf7 35.Rd6 Ke7
36.Re6+ Kf7  1/2-1/2

[Event "Bermuda"]
[Site "Bermuda"]
[Date "1995.??.??"]
[Round "6"]
[White "Waitzkin, Joshua"]
[Black "De Firmian, Nick E"]
[Result "1/2-1/2"]
[WhiteElo "2435"]
[BlackElo "2590"]

1.e4 c5 2.Nf3 d6 3.d4 cxd4 4.Nxd4 Nf6 5.Nc3 a6 6.Bc4 e6 7.Bb3 Nc6 8.Be3 Be7
9.Qe2 Qc7 10.O-O-O Na5 11.g4 b5 12.g5 Nxb3+ 13.axb3 Nd7 14.Nf5 exf5 15.Nd5 Qd8
16.exf5 Bb7 17.f6 gxf6 18.Rhe1 Bxd5 19.Rxd5 Rg8 20.gxf6 Nxf6 21.Rf5 Ng4 22.Bg5 Ne5
23.Bxe7 Qxe7 24.f4 Qe6 25.Qe4 Nd3+ 26.Kd2 Nxe1 27.Qxa8+ Ke7 28.Qb7+ Kf8 29.Qb8+  1/2-1/2

[Event "Bermuda"]
[Site "Bermuda"]
[Date "1995.??.??"]
[Round "8"]
[White "Ivanov, Alexander"]
[Black "De Firmian, Nick E"]
[Result "1/2-1/2"]
[WhiteElo "2515"]
[BlackElo "2590"]

1.e4 c5 2.Nf3 d6 3.d4 cxd4 4.Nxd4 Nf6 5.Nc3 a6 6.g3 e6 7.Bg2 Be7 8.O-O Bd7
9.Be3 Nc6 10.Nxc6 Bxc6 11.a4 O-O 12.a5 Nd7 13.Qe2 Qc7 14.Rfb1 Kh8 15.Qc4 Rad8
16.Rd1 h6 17.f4 Rfe8 18.Rd2 Bf8 19.Bf2 Kg8 20.Qa2  1/2-1/2

[Event "Bermuda"]
[Site "Bermuda"]
[Date "1995.??.??"]
[Round "9"]
[White "De Firmian, Nick E"]
[Black "Ashley, Maurice"]
[Result "1-0"]
[WhiteElo "2590"]
[BlackElo "2460"]

1.e4 c5 2.Nf3 d6 3.d4 Nf6 4.Nc3 cxd4 5.Nxd4 Nc6 6.Bc4 e6 7.Be3 a6 8.Bb3 Be7
9.Qe2 O-O 10.O-O-O Na5 11.f4 Bd7 12.g4 Ne8 13.f5 Nc7 14.Kb1 b5 15.Rhg1 Qc8
16.Qf3 Nc6 17.Nxc6 Bxc6 18.g5 b4 19.Ne2 exf5 20.g6 Ne6 21.Qxf5 Bd7 22.gxh7+ Kh8
23.Qf2 a5 24.Bd5 a4 25.Nd4 Bf6 26.Bxa8 Qxa8 27.Nxe6 fxe6 28.Rxd6 Bc6 29.Bd4 Bxe4
30.Bxf6 Rxf6 31.Qd4 Bd5 32.Qxf6 gxf6 33.Rg8+ Qxg8 34.hxg8=Q+ Kxg8 35.Rb6 b3
36.cxb3 axb3 37.a4 Kf7 38.a5 f5 39.Kc1 f4 40.a6  1-0

[Event "Biel"]
[Site "Biel"]
[Date "1995.??.??"]
[Round "2"]
[White "De Firmian, Nick E"]
[Black "Brunner, Lucas"]
[Result "1-0"]
[WhiteElo "2605"]
[BlackElo "2530"]

1.e4 c6 2.d4 d5 3.Nc3 dxe4 4.Nxe4 Bf5 5.Ng3 Bg6 6.h4 h6 7.Nf3 Nf6 8.Ne5 Bh7
9.Bc4 e6 10.Qe2 Nd5 11.Bb3 Nd7 12.Bd2 a5 13.a4 Nxe5 14.dxe5 Bb4 15.O-O-O Qb6
16.Qf3 O-O 17.Nh5 Bg6 18.Nxg7 Kxg7 19.h5 Bxd2+ 20.Rxd2 Bf5 21.g4 Qc7 22.Re2 Ne7
23.gxf5 Nxf5 24.c3 Qe7 25.Bc2 Qg5+ 26.Kb1 Kh8 27.Re4 Ne7 28.Rhe1 Rg8 29.Rf4 Rg7
30.Rxf7 Rag8 31.Rf6 Nd5 32.Rxe6 Nf4 33.Rf6 Ng2 34.Rg1 Qd2 35.Qe2  1-0

[Event "Biel"]
[Site "Biel"]
[Date "1995.??.??"]
[Round "3"]
[White "Hodgson, Julian M"]
[Black "De Firmian, Nick E"]
[Result "1/2-1/2"]
[WhiteElo "2590"]
[BlackElo "2605"]

1.c4 c5 2.g3 Nc6 3.Bg2 g6 4.Nc3 Bg7 5.a3 d6 6.Rb1 a5 7.Nf3 e5 8.d3 Nge7 9.Nd2 Be6
10.Nf1 O-O 11.Ne3 Bh6 12.Ned5 Bxc1 13.Qxc1 Kg7 14.e3 Rb8 15.Qd1 Bd7 16.Nb5 Be6
17.O-O Qd7 18.Nb6 Qd8 19.Nd5 Qd7 20.Ndc7 Bf5 21.Qd2 b6 22.Qc3 Rbc8 23.Nd5 Nxd5
24.Bxd5 f6 25.Bg2 Be6 26.Qb3 Rfd8 27.Nc3 Rb8 28.Qb5 Rdc8 29.Nd5 Qd8 30.f4 Ne7
31.fxe5 fxe5 32.Nxe7  1/2-1/2

[Event "Biel"]
[Site "Biel"]
[Date "1995.??.??"]
[Round "7"]
[White "De Firmian, Nick E"]
[Black "Tkachiev, Vladislav"]
[Result "1/2-1/2"]
[WhiteElo "2605"]
[BlackElo "2605"]

1.e4 e5 2.Nf3 Nc6 3.Bb5 a6 4.Ba4 Nf6 5.O-O b5 6.Bb3 Bc5 7.c3 d6 8.d4 Bb6
9.dxe5 Nxe5 10.Nxe5 dxe5 11.Qxd8+ Kxd8 12.Bxf7 Rf8 13.Bd5 Nxd5 14.exd5 Bb7
15.Be3 Bxe3 16.fxe3 Rxf1+ 17.Kxf1 Bxd5 18.Nd2 Ke7 19.e4 Be6 20.a4 Rb8 21.b4 c5
22.axb5 Rxb5 23.Rxa6  1/2-1/2

[Event "Biel"]
[Site "Biel"]
[Date "1995.??.??"]
[Round "9"]
[White "De Firmian, Nick E"]
[Black "Timman, Jan H"]
[Result "1/2-1/2"]
[WhiteElo "2605"]
[BlackElo "2590"]

1.e4 e5 2.Nf3 Nc6 3.Bb5 a6 4.Ba4 Nf6 5.O-O Nxe4 6.d4 b5 7.Bb3 d5 8.dxe5 Be6
9.Nbd2 Nc5 10.c3 d4 11.Bxe6 Nxe6 12.cxd4 Ncxd4 13.a4 Be7 14.Nxd4 Qxd4 15.axb5 Qxe5
16.bxa6 O-O 17.Qg4 Qb5 18.Qc4 Rfb8 19.Ra2 Ra7 20.Rd1 Qxc4 21.Nxc4 Rba8 22.Be3 Rxa6
23.Rxa6  1/2-1/2

[Event "Biel"]
[Site "Biel"]
[Date "1995.??.??"]
[Round "12"]
[White "Gavrikov, Viktor"]
[Black "De Firmian, Nick E"]
[Result "1/2-1/2"]
[WhiteElo "2605"]
[BlackElo "2605"]

1.d4 Nf6 2.Nf3 e6 3.c4 c5 4.d5 exd5 5.cxd5 d6 6.Nc3 g6 7.e4 Bg7 8.Bf4 O-O
9.Nd2 Ne8 10.Be2 f5 11.exf5 Bxf5 12.Bg3 Nd7 13.O-O Ne5 14.Nde4 a6 15.a4 Rb8
16.Re1 Nc7 17.Bf1 Nf7 18.a5 b5 19.axb6 Rxb6 20.Ra2 Re8 21.Qd2  1/2-1/2

[Event "Buenos Aires Najdorf"]
[Site "Buenos Aires"]
[Date "1995.??.??"]
[Round "4"]
[White "De Firmian, Nick E"]
[Black "Van Wely, Loek"]
[Result "0-1"]
[WhiteElo "2605"]
[BlackElo "2585"]

1.e4 c5 2.Nf3 d6 3.d4 cxd4 4.Nxd4 Nf6 5.Nc3 a6 6.Bc4 e6 7.O-O b5 8.Bb3 Be7
9.Be3 Qc7 10.f4 b4 11.Na4 Nbd7 12.c3 bxc3 13.Nxc3 Nc5 14.Bc2 O-O 15.e5 dxe5
16.fxe5 Nd5 17.Nxd5 exd5 18.Qh5 g6 19.Qh6 Ne6 20.Nf5 Bc5 21.Bxc5 Qxc5+ 22.Rf2 Rb8
23.Ne3 Nd4 24.Bd3 Nc6 25.Rc2 Qb6 26.Kh1 Be6 27.Qf4 Nb4 28.Rd2 Nxd3 29.Rxd3 Qxb2
30.Rdd1 Rb4 31.Qf3 Re4 32.h3 Qxe5 33.Nf1 d4 34.Qf2 Bd5 35.Re1 Re8 36.Rxe4 Qxe4
37.Ng3 Qe3 38.Kg1 Rb8 39.Qxe3 dxe3 40.Nf1 e2 41.Ne3 Bxa2 42.Kf2 Rb2 43.Ke1 a5  0-1

[Event "Buenos Aires Najdorf"]
[Site "Buenos Aires"]
[Date "1995.??.??"]
[Round "6"]
[White "Sadler, Matthew"]
[Black "De Firmian, Nick E"]
[Result "1/2-1/2"]
[WhiteElo "2565"]
[BlackElo "2605"]

1.d4 Nf6 2.c4 e6 3.Nc3 Bb4 4.Qc2 O-O 5.a3 Bxc3+ 6.Qxc3 Ne4 7.Qc2 f5 8.Nf3 b6
9.g3 Bb7 10.Bg2 Nf6 11.O-O Be4 12.Qc3 Qe8 13.b4 d6 14.Re1 Nbd7 15.a4 a5 16.bxa5 Rxa5
17.Bd2 Qa8 18.Qb3 Ra6 19.Bh3 h6 20.Ra3 c5 21.Qa2 Qa7 22.Bf4 Qc7 23.Bg2 Rfa8
24.Rd1 e5 25.dxe5 dxe5 26.Bd2 Nb8 27.Bc3 Nc6 28.Nh4 Nd4 29.Bxe4 Nxe4 30.Be1 Qc6
31.e3 Rxa4 32.Rxa4 Rxa4 33.Qb2 Ng5 34.exd4 Nh3+ 35.Kf1 Qh1+ 36.Ke2 Qe4+ 37.Kf1 Qh1+
38.Ke2 Qe4+ 39.Kf1  1/2-1/2